000 00512nmm a2200181Ia 4500
008 251105s9999||||xx |||||||||||||||||und||
020 _a9788415996057
041 _aspa
100 _aRamone, Johnny
245 0 _aCommando :
_b Autobiografía de Johnny Ramone
264 _a[Madrid, España] :
_bMalpaso Ediciones,
_c2013
300 _a176 páginas
650 _aBiography
700 _aRamone, Johnny
700 1 _a Feliu, Carlos
856 _uhttps://public.digitaliapublishing.com/a/88141
942 _cCF
999 _c70330
_d70330